00879nam a22002417a 450000500170000001000150001702000110003203500140004303700130005708200130007024501380008326000480022127000470026930000290031649000430034570000170038870000210040570000230042670000170044994200270046699900190049395201250051220171113101509.0 aENG-121255 c500.00 aEN-104787 bDBAD/PUB a020.2854 aNational conference on public libraries in the knowledge societies :c edited by L.S.Ramaiah ...[et.al]b9-11 july, 2010, Hyderabad / aVijyawadabAndhra Pradesh Associationc2010 aSri Sarvottama Bhavanam,bVijyawadae52010 a472p. :c22cm(pbk)bill. a39th andhra pradesh library conference a L.S.Ramaiah aRao, M.Koteswara aVeeranjaneyulu, K. aSarada,Raavi 2ddccENh020.2854mNAT c147216d147216 001040718NFICaDBADbBNd2017-11-07eDBAD/PUBg500.00l0o020.2854 NATpEN-104787r2017-11-07 00:00:00t1v500.00yEN